01165nam a2200325Ia 4500001001200000003000800012006001900020007001500039008004100054010001700095020001800112020001500130020001500145040002100160035002100181050002500202100002100227245008200248246002300330260004500353300002400398500002000422533015200442650003000594650002600624655002900650710001700679856012600696999001700822ebr10314642CaPaEBRm u cr cn|||||||||090814s2009 maua s 001 0 eng d z 2008935078 z9781598638738 z1598638734 z1598639323 aCaPaEBRcCaPaEBR a(OCoLC)56798000214aHF5549b.F442 2009eb1 aFina, Michael A.10aPerspectives on managing employeesh[electronic resource] /cMichael A. Fina.30aManaging employees aBoston, MA :bCourse Technology,cc2009. axix, 300 p. :bill. aIncludes index. aElectronic reproduction.bPalo Alto, Calif. :cebrary,d2009.nAvailable via World Wide Web.nAccess may be limited to ebrary affiliated libraries. 0aSupervision of employees. 0aPersonnel management. 7aElectronic books.2local2 aebrary, Inc.40uhttp://site.ebrary.com/lib/rucke/Doc?id=10314642zAn electronic book accessible through the World Wide Web; click to view c57864d57864